LEADER 01682nam a2200361 u 4500 001 000000041230 003 CaOOAMICUS 005 20150115131903.0 008 981116s1998 enk u000 u eng u 020 $a0198207247 035 $a10808072 040 $aEFR$bita 100 1 $aCushing, Kathleen G.$0(OLS)http://pul/name/30360 245 10$aPapacy and law in the Gregorian revolution :$bthe canonistic work of Anselm of Lucca /$cKathleen G. Cushing. 260 $aOxford :$bClarendon Press,$cc1998. 300 $axi, 246 p.$c22 cm 490 1 $aOxford historical monographs 500 $aIndex: p. 241-246. 504 $aBibliographie: p. [224]-240. 600 00$aAnselm$bII,$cSaint,$cBishop of Lucca,$d1036-1086.$2//eng$0(OLS)http://pul/subject/18600 600 00$aGregory,$bVII,$cPope,$dca. 1015-1085.$2//eng$0(OLS)http://pul/subject/4605 650 0$aCanon law$xHistory.$2//eng$0(OLS)http://pul/subject/400 650 0$aPapacy$xHistory$yTo 1309.$2//eng$0(OLS)http://pul/subject/16703 830 0$aOxford historical monographs.$0(OLS)http://pul/title/32364 850 $aPUL 852 $aPUL$W1$xSL Diritto Canonico 3$y77$m262. 9 CUSKA 1$j55895$nBK-PRI$qDDC 21$B55895$CPULBib$Z2$F55895 $82 852 $aPUL$W1$xDP1 Fondo Capitani$y116$m3 C 25$j115077$qFondi$B162804$CPULBib$Z2$F162804 $HCap1897 $82 941 1 $a9 941 1 $a1 961 $aINV: 86690 996 $6020$a0198207247$9(OLS)http://pul/number/51335 996 $6245$aPapacy and law in the Gregorian revolution :$bthe canonistic work of Anselm of Lucca$9(OLS)http://pul/title/55645 996 $6260$aOxford :$bClarendon Press$9(OLS)http://pul/publisher/48412 LEADER 01061nam a2200277 a 4500 001 000000136492 003 CaOOAMICUS 005 20131128135204.0 008 131128s1970 it u000 u ita r 040 $aPUL$bita 041 1 $aita$hger 100 1 $aMusil, Robert,$d1880-1942.$0(OLS)http://pul/name/51302 240 10$aNachlass zu Lebzeiten.$lItaliano.$0(OLS)http://pul/title/172722 245 10$aPagine postume pubblicate in vita /$cRobert Musil ; traduzione di Anita Rho. 260 $aTorino :$bEinaudi,$c1970. 300 $a182 p. ;$c20 cm 490 1 $aI Coralli ;$v265 700 1 $aRho, Anita.$0(OLS)http://pul/name/51305 830 0$aCoralli ;$v265.$0(OLS)http://pul/title/171196 850 $aPUL 852 $aPUL$W1$xDP1 Fondo E. Rossi$y115$m2 D 62$j157216$qFondi$B156687$CPULBib$Z2$F156687 $82 941 1 $a1 961 $aSul dorso collocazione ms. di E. Rossi: IV 64 996 $6245$aPagine postume pubblicate in vita$9(OLS)http://pul/title/172723 996 $6260$aTorino :$bEinaudi$9(OLS)http://pul/publisher/48130